000 01305nam a22003497a 4500
005 20240530110435.0
008 150407s2008 xxu g b 000 0 eng d
017 _a2008/15650
_bمصر . دار الكتب المصرية
020 _a9774379225
040 _aEG-CaGPL
082 0 4 _221
_a307.14\
_bس ق
100 1 _aساكس ، فولفجانج
245 1 0 _aقاموس التنمية :
_bدليل الى المعرفة باعتبارها قوة /
_cتحرير فولفجانج ساكس ؛ ترجمة احمد محمود
250 _aط1
260 _aالقاهرة :
_bالمركز القومى للترجمة ،
_c2008.
300 _a612 ص ؛
_c24 سم
490 _aالمشروع القومى للترجمة ؛
_v1252
505 _aيشتمل على ارجاعات ببليوجرافية
650 0 4 _aالتنمية الاجتماعية
650 0 4 _aالاجتماع ، علم
650 0 4 _aالتغير الاجتماعى
650 0 4 _aالتخطيط الاجتماعى
650 0 4 _aالمشاركة
650 0 4 _aالتخطيط
650 0 4 _aالسكان
650 0 4 _aالفقر
650 0 4 _aالانتاج
650 0 4 _aالاشتراكية
700 0 _aاحمد محمود
_eمترجم
942 _2ddc
_cBK
999 _c60926
_d60926